000 00363nam a2200157Ia 4500
999 _c2641
_d2641
003 OSt
005 20190918193632.0
008 190902s9999||||xx |||||||||||||| ||und||
020 _a978-8120342774
040 _cmaju
100 _aR. Panneerselvam
245 0 _aDatabase Management Systems
260 _aIndia
_bS. Chand
_c2002
300 _a277
942 _cBK
_2ddc